[Event "SVK-chT1E 2122"]
[Site "Slovakia"]
[Date "2022.05.14"]
[Round "10.1"]
[White "Krajnak, Martin"]
[Black "Pniaczek, Marek"]
[Result "1-0"]
[WhiteElo "2192"]
[BlackElo "2298"]
[PlyCount "99"]
[EventDate "2022.01.29"]
[EventType "team-tourn"]
[EventRounds "11"]
[EventCountry "SVK"]
[SourceTitle "EXT 2023"]
[Source "ChessBase"]
[SourceDate "2022.10.05"]
[SourceVersion "1"]
[SourceVersionDate "2022.10.05"]
[SourceQuality "1"]
[WhiteTeam "Sabinov"]
[BlackTeam "Dunajov Inbest II"]
[WhiteTeamCountry "SVK"]
[BlackTeamCountry "SVK"]

1. Nc3 e5 2. Nf3 Nc6 3. d4 exd4 4. Nxd4 Nf6 5. Bg5 Bc5 6. e3 0-0 7. Be2 Nxd4 8. exd4 Be7 9. Qd2 d5 10. f3 c6 11. Bd3 b5 12. a4 b4 13. Ne2 Re8 14. b3 c5 15. Be3 Qc7 16. dxc5 Bxc5 17. Bxc5 Qxc5 18. 0-0-0 Bd7 19. Nd4 Ne4 20. Bxe4 dxe4 21. fxe4 Rxe4 22. Rhe1 Rxe1 23. Rxe1 Rc8 24. Re3 h6 25. Rg3 Rd8 26. Rd3 Rc8 27. h3 Kh7 28. Rf3 Be8 29. Rf5 Qc7 30. Qxb4 f6 31. Rf2 Bg6 32. Kb2 Qg3 33. Re2 Rd8 34. Ne6 Rb8 35. Qf4 Qxf4 36. Nxf4 Be8 37. Re7 Bxa4 38. Rxa7 Bc6 39. Rc7 Be4 40. g3 Rb7 41. Rxb7 Bxb7 42. c4 g5 43. Nd5 f5 44. Kc3 h5 45. Kd4 Kg7 46. c5 f4 47. gxf4 g4 48. hxg4 hxg4 49. Ne3 g3 50. Nf5+ 1-0

[Event "SVK-chT1W 2122"]
[Site "Slovakia"]
[Date "2022.02.13"]
[Round "7.4"]
[White "Barczi, Tibor"]
[Black "Krajnak, Martin"]
[Result "0-1"]
[WhiteElo "2000"]
[BlackElo "2192"]
[PlyCount "29"]
[EventDate "2021.11.06"]
[EventType "team-tourn"]
[EventRounds "11"]
[EventCountry "SVK"]
[SourceTitle "EXT 2023"]
[Source "ChessBase"]
[SourceDate "2022.10.05"]
[SourceVersion "1"]
[SourceVersionDate "2022.10.05"]
[SourceQuality "1"]
[WhiteTeam "Batorove Kosihy"]
[BlackTeam "Gabcikovo MSK"]
[WhiteTeamCountry "SVK"]
[BlackTeamCountry "SVK"]

1. e4 d5 2. e5 c5 3. c3 Nc6 4. d4 cxd4 5. cxd4 Qb6 6. Ne2 Bf5 7. Nbc3 e6 8. a3 h5 9. b4 Nh6 10. Be3 Be7 11. Ng3 Bg6 12. Be2 h4 13. Nh5 Nf5 14. Na4 Qd8 15. Bg4 0-1

[Event "SVK-chT2C 1920"]
[Site "Slovakia"]
[Date "2020.02.15"]
[Round "8.2"]
[White "Vacek, Ondrej"]
[Black "Krajnak, Martin"]
[Result "1/2-1/2"]
[WhiteElo "2136"]
[BlackElo "2209"]
[PlyCount "44"]
[EventDate "2019.10.26"]
[EventType "team-tourn"]
[EventRounds "11"]
[EventCountry "SVK"]
[SourceTitle "CBM 195 Extra"]
[Source "ChessBase"]
[SourceDate "2020.05.31"]
[SourceVersion "1"]
[SourceVersionDate "2020.05.31"]
[SourceQuality "1"]
[WhiteTeam "Zvolen Slavia"]
[BlackTeam "Ruzomberok Montana"]
[WhiteTeamCountry "SVK"]
[BlackTeamCountry "SVK"]

1. Nf3 Nf6 2. c4 d6 3. d4 Bg4 4. e3 Nbd7 5. h3 Bh5 6. Be2 e5 7. Nc3 Be7 8. Nh4 Bxe2 9. Qxe2 g6 10. Nf3 exd4 11. exd4 0-0 12. 0-0 Re8 13. Qd3 Bf8 14. Bd2 c6 15. Rfe1 Qb6 16. b3 Qa6 17. Qc2 Rac8 18. Bg5 Qa5 19. Bd2 Qc7 20. Bf4 Qa5 21. Bd2 Qc7 22. Bf4 Qa5 1/2-1/2

[Event "SVK-chT2C 1920"]
[Site "Slovakia"]
[Date "2019.11.16"]
[Round "3.4"]
[White "Krajnak, Martin"]
[Black "Cibikova, Sofia Anna"]
[Result "1-0"]
[WhiteElo "2209"]
[BlackElo "1924"]
[PlyCount "49"]
[EventDate "2019.10.26"]
[EventType "team-tourn"]
[EventRounds "11"]
[EventCountry "SVK"]
[SourceTitle "CBM 193 Extra"]
[Source "ChessBase"]
[SourceDate "2020.01.31"]
[SourceVersion "1"]
[SourceVersionDate "2020.01.31"]
[SourceQuality "1"]
[WhiteTeam "Ruzomberok Montana"]
[BlackTeam "Detva"]
[WhiteTeamCountry "SVK"]
[BlackTeamCountry "SVK"]

1. Nc3 d5 2. e4 d4 3. Nce2 e5 4. Ng3 Nc6 5. Bc4 Nf6 6. Nf3 Bd6 7. a3 0-0 8. d3 h6 9. 0-0 Qe8 10. Nh4 Be6 11. Bxe6 Qxe6 12. Nhf5 Ne7 13. Nxe7+ Qxe7 14. Nf5 Qe6 15. f4 exf4 16. Bxf4 Bxf4 17. Rxf4 Rad8 18. Qf3 Rd7 19. Nxh6+ Kh8 20. Nf5 Nh7 21. Rh4 g6 22. Rh6 Qe8 23. Qh3 f6 24. Nh4 Rg8 25. Nxg6+ 1-0

[Event "SVK-chT2C 1819"]
[Site "Slovakia"]
[Date "2018.12.16"]
[Round "6.4"]
[White "Koren, Jan"]
[Black "Krajnak, Martin"]
[Result "1/2-1/2"]
[WhiteElo "2113"]
[BlackElo "2177"]
[PlyCount "34"]
[EventDate "2018.10.13"]
[EventType "team-tourn"]
[EventRounds "11"]
[EventCountry "SVK"]
[SourceTitle "CBM 189 Extra"]
[Source "ChessBase"]
[SourceDate "2019.06.03"]
[SourceVersion "1"]
[SourceVersionDate "2019.06.03"]
[SourceQuality "1"]
[WhiteTeam "Zilina Mladost II"]
[BlackTeam "Ruzomberok Montana"]
[WhiteTeamCountry "SVK"]
[BlackTeamCountry "SVK"]

1. e4 d5 2. exd5 Nf6 3. d4 Qxd5 4. Nf3 Bg4 5. Be2 Nc6 6. c4 Qh5 7. Be3 0-0-0 8. Nc3 e5 9. d5 e4 10. Nd2 Ne5 11. Bxg4+ Nexg4 12. Bxa7 b6 13. Qa4 Ne5 14. Qa6+ Kd7 15. Qb5+ Kc8 16. Qa6+ Kd7 17. Qb5+ Kc8 1/2-1/2

[Event "SVK-chT2C 1718"]
[Site "Slovakia"]
[Date "2017.11.26"]
[Round "4.2"]
[White "Papanetz, Peter"]
[Black "Krajnak, Martin"]
[Result "1/2-1/2"]
[WhiteElo "2194"]
[BlackElo "2179"]
[PlyCount "120"]
[EventDate "2017.10.28"]
[EventType "team-tourn"]
[EventRounds "11"]
[EventCountry "SVK"]
[SourceTitle "CBM 181 Extra"]
[Source "ChessBase"]
[SourceDate "2017.12.12"]
[SourceVersion "1"]
[SourceVersionDate "2017.12.12"]
[SourceQuality "1"]
[WhiteTeam "Filakovo"]
[BlackTeam "Liptovska Stiavnica"]
[WhiteTeamCountry "SVK"]
[BlackTeamCountry "SVK"]

1. e4 d5 2. Nc3 d4 3. Nce2 e5 4. Ng3 Be6 5. Nf3 f6 6. Bd3 Nd7 7. Qe2 Nc5 8. Bc4 d3 9. Bxd3 Nxd3+ 10. Qxd3 Qxd3 11. cxd3 0-0-0 12. d4 exd4 13. d3 Ne7 14. Bd2 Nc6 15. Ke2 Bd6 16. Rhc1 h5 17. h3 g5 18. Rxc6 bxc6 19. Nxd4 Bd7 20. Ngf5 c5 21. Nb3 Bxf5 22. exf5 Rhe8+ 23. Be3 Re5 24. g4 Rd5 25. Rc1 Re8 26. Rc4 h4 27. Nd2 Rd4 28. Rc3 Ra4 29. a3 Kd7 30. Kf3 Rb8 31. Rc2 Be7 32. Ne4 Rb3 33. Ke2 Ra5 34. Bd2 Rab5 35. Bc3 Rb6 36. Nd2 R3b5 37. a4 Rb4 38. a5 R6b5 39. Bxb4 cxb4 40. Nc4 b3 41. Rc3 Bc5 42. Nd2 Bd4 43. Rxb3 Rxa5 44. f4 Ra2 45. Nc4 Ra1 46. fxg5 fxg5 47. Kf3 Rf1+ 48. Ke2 Rf2+ 49. Ke1 Rh2 50. Rb5 Kc6 51. Ra5 Rxh3 52. Ra6+ Kd5 53. Ra5+ c5 54. Ke2 Rh2+ 55. Kd1 Rh1+ 56. Kd2 Rh2+ 57. Kc1 Rh1+ 58. Kc2 Rh2+ 59. Kb3 Rh3 60. Kc2 Rh2+ 1/2-1/2

[Event "SVK-chT 1617"]
[Site "Slovakia"]
[Date "2017.01.15"]
[Round "6.5"]
[White "Federic, Pavol"]
[Black "Krajnak, Martin"]
[Result "1-0"]
[WhiteElo "2143"]
[BlackElo "2203"]
[PlyCount "57"]
[EventDate "2016.10.22"]
[EventType "team-tourn"]
[EventRounds "11"]
[EventCountry "SVK"]
[SourceTitle "CBM 177 Extra"]
[Source "ChessBase"]
[SourceDate "2017.04.27"]
[SourceVersion "1"]
[SourceVersionDate "2017.04.27"]
[SourceQuality "1"]
[WhiteTeam "Modra"]
[BlackTeam "Sabinov"]
[WhiteTeamCountry "SVK"]
[BlackTeamCountry "SVK"]

1. e4 d6 2. d4 Nf6 3. Nc3 e5 4. dxe5 dxe5 5. Qxd8+ Kxd8 6. Nf3 Nbd7 7. Bc4 Ke7 8. Be3 h6 9. Nb5 c5 10. 0-0-0 Ng4 11. Nd6 Nb6 12. Bxc5 Nxc4 13. Nxc4+ Kf6 14. Rd8 Bxc5 15. Rxh8 b5 16. Ncd2 Nxf2 17. Rf1 Bb7 18. Rxa8 Bxa8 19. Ne1 Ke6 20. Nd3 Nxd3+ 21. cxd3 g6 22. g4 Be3 23. Kc2 Bf4 24. h3 Bc6 25. d4 Bd7 26. Nb3 Bc8 27. Nc5+ Ke7 28. Nd3 Be3 29. Nxe5 1-0

[Event "SVK-chT1W 1617"]
[Site "Slovakia"]
[Date "2016.11.19"]
[Round "3.5"]
[White "Macko, Miroslav"]
[Black "Krajnak, Martin"]
[Result "1-0"]
[WhiteElo "2151"]
[BlackElo "2182"]
[PlyCount "157"]
[EventDate "2016.10.15"]
[EventType "team-tourn"]
[EventRounds "11"]
[EventCountry "SVK"]
[SourceTitle "EXT 2018"]
[Source "ChessBase"]
[SourceDate "2017.10.13"]
[SourceVersion "1"]
[SourceVersionDate "2017.10.13"]
[SourceQuality "1"]
[WhiteTeam "Bratislava KSN"]
[BlackTeam "Gabcikovo Russel"]
[WhiteTeamCountry "SVK"]
[BlackTeamCountry "SVK"]

1. e4 Nc6 2. Nf3 d6 3. d4 Nf6 4. Nc3 Bg4 5. Be3 e6 6. h3 Bh5 7. d5 exd5 8. exd5 Nb8 9. g4 Bg6 10. Bg2 Be7 11. Nd4 Nfd7 12. Qe2 0-0 13. 0-0-0 Re8 14. f4 Bf6 15. Qd2 Nb6 16. b3 N8d7 17. h4 Bxh4 18. g5 Qe7 19. Rxh4 Qxe3 20. f5 Qxd2+ 21. Rxd2 Re3 22. Kb2 Ne5 23. fxg6 Nxg6 24. Re4 Rxe4 25. Bxe4 Ne5 26. Nf3 Nbc4+ 27. bxc4 Nxc4+ 28. Kc1 Nxd2 29. Kxd2 a6 30. Ke3 g6 31. Nh2 h6 32. gxh6 Kh7 33. Kf4 Kxh6 34. Bd3 Re8 35. Ne4 Kg7 36. Nf3 Rh8 37. Ng3 Kf6 38. Kg4 Kg7 39. Kf4 f5 40. Ng5 Rh4+ 41. Kf3 Kf6 42. Ne6 c6 43. Nf4 cxd5 44. Nxd5+ Ke5 45. Ne7 Rg4 46. Ne2 Ke6 47. Nxg6 Ra4 48. Nc1 Kf6 49. Nf4 Ke5 50. Nfe2 d5 51. Ke3 Rh4 52. Nb3 Ra4 53. Nec1 b6 54. Nd2 f4+ 55. Kf3 a5 56. Nb1 Rb4 57. Nc3 Rb2 58. Bh7 Kd6 59. Bg6 b5 60. Bd3 b4 61. N3e2 Ke5 62. Nxf4 Rb1 63. Nfe2 Ra1 64. Ke3 a4 65. Kd2 Kd6 66. Nd4 Rb1 67. Nf3 Rb2 68. Kd1 Kc5 69. Kd2 Rb1 70. Ne5 Kd6 71. Ng4 Kc5 72. Nf6 Kd6 73. Bb5 a3 74. Ba4 Ke5 75. Ng4+ Kd6 76. Bb3 d4 77. Nf2 Kc5 78. Nfd3+ Kb5 79. Ke2 1-0

[Event "SVK-chT 1617"]
[Site "Slovakia"]
[Date "2016.10.22"]
[Round "1.4"]
[White "Krajnak, Martin"]
[Black "Nemeth, Miklos"]
[Result "0-1"]
[WhiteElo "2203"]
[BlackElo "2469"]
[PlyCount "92"]
[EventDate "2016.10.22"]
[EventType "team-tourn"]
[EventRounds "11"]
[EventCountry "SVK"]
[SourceTitle "CBM 175 Extra"]
[Source "ChessBase"]
[SourceDate "2016.12.12"]
[SourceVersion "1"]
[SourceVersionDate "2016.12.12"]
[SourceQuality "1"]
[WhiteTeam "Sabinov"]
[BlackTeam "Dunajska Streda"]
[WhiteTeamCountry "SVK"]
[BlackTeamCountry "SVK"]

1. Nc3 e5 2. Nf3 Nc6 3. d4 exd4 4. Nxd4 Nf6 5. Bg5 Bc5 6. e3 Nxd4 7. exd4 Be7 8. Bd3 d5 9. 0-0 0-0 10. Re1 c6 11. Qe2 Be6 12. Nd1 Re8 13. Ne3 h6 14. Bh4 Ne4 15. Bxe7 Qxe7 16. f3 Nd6 17. Qf2 Qf6 18. c3 b6 19. Qg3 Rad8 20. Rad1 Re7 21. a3 Bc8 22. Nf1 Rde8 23. Qf2 Bf5 24. Bxf5 Nxf5 25. Rxe7 Qxe7 26. Rd2 Nd6 27. Rd3 Nc4 28. b3 Nxa3 29. Re3 Qd7 30. Qe2 Rxe3 31. Nxe3 Nb5 32. Qd3 h5 33. Kf2 g6 34. Nc2 Nc7 35. Qe3 Qd6 36. h4 Ne6 37. g3 c5 38. Qd3 cxd4 39. cxd4 a5 40. Kg2 Qc6 41. Ne3 b5 42. f4 f5 43. Qd2 b4 44. Nc2 Nc7 45. Kf2 Nb5 46. Qe2 Kf7 0-1

[Event "SVK-chT1E 1415"]
[Site "Slovakia"]
[Date "2014.11.29"]
[Round "3.6"]
[White "Krajnak, Martin"]
[Black "Foglar, Ivan"]
[Result "1/2-1/2"]
[WhiteElo "2227"]
[BlackElo "1946"]
[PlyCount "110"]
[EventDate "2014.10.18"]
[EventType "team-tourn"]
[EventRounds "11"]
[EventCountry "SVK"]
[SourceTitle "EXT 2016"]
[Source "ChessBase"]
[SourceDate "2015.10.08"]
[SourceVersion "1"]
[SourceVersionDate "2015.10.08"]
[SourceQuality "1"]
[WhiteTeam "Sabinov"]
[BlackTeam "Margecany"]
[WhiteTeamCountry "SVK"]
[BlackTeamCountry "SVK"]

1. d4 d5 2. Nf3 Nf6 3. Bf4 c6 4. e3 Bg4 5. Nbd2 e6 6. Bd3 a6 7. 0-0 Bd6 8. Bxd6 Qxd6 9. c4 b5 10. b3 0-0 11. a4 bxc4 12. bxc4 Nbd7 13. c5 Qc7 14. Qc2 Bxf3 15. Nxf3 e5 16. Be2 Rfb8 17. Rfb1 a5 18. h3 h6 19. Rxb8+ Rxb8 20. Rb1 Ne4 21. Rxb8+ Qxb8 22. Nd2 Nxd2 23. Qxd2 Qa7 24. Qb2 exd4 25. exd4 Qb8 26. Qd2 Qc7 27. Bg4 Nb8 28. Qe1 Kf8 29. Qb1 Kg8 30. Be2 g6 31. g3 Kg7 32. Kg2 Nd7 33. Bd3 Qb8 34. Qxb8 Nxb8 35. Kf3 Kf6 36. h4 Ke6 37. Kf4 Kf6 38. f3 Ke6 39. g4 Kf6 40. g5+ hxg5+ 41. hxg5+ Ke6 42. Bf1 f5 43. Bd3 Ke7 44. Bxf5 gxf5 45. Kxf5 Nd7 46. f4 Kf7 47. Kg4 Nf8 48. f5 Nd7 49. Kf4 Ke7 50. Kg3 Kf7 51. Kg4 Nf8 52. Kh5 Nd7 53. Kh4 Kg7 54. Kg4 Kf7 55. Kh5 Kg7 1/2-1/2

[Event "SVK-chT1E 1314"]
[Site "Slovakia"]
[Date "2013.10.13"]
[Round "2.4"]
[White "Krak, Tomas"]
[Black "Krajnak, Martin"]
[Result "1/2-1/2"]
[WhiteElo "2301"]
[BlackElo "2229"]
[PlyCount "38"]
[EventDate "2013.10.12"]
[EventType "team-tourn"]
[EventRounds "11"]
[EventCountry "SVK"]
[SourceTitle "EXT 2015"]
[Source "ChessBase"]
[SourceDate "2014.11.20"]
[SourceVersion "1"]
[SourceVersionDate "2014.11.20"]
[SourceQuality "1"]
[WhiteTeam "Prakovce"]
[BlackTeam "Sabinov"]
[WhiteTeamCountry "SVK"]
[BlackTeamCountry "SVK"]

1. Nf3 Nf6 2. c4 d6 3. d4 Nc6 4. Nc3 e5 5. d5 Ne7 6. e4 Ng6 7. h4 h5 8. g3 Be7 9. Be2 c5 10. Nh2 Nf8 11. Nf1 g6 12. Ne3 N8h7 13. Bd2 Bd7 14. Qc2 a6 15. f3 Rb8 16. a4 b6 17. Ra3 Bf8 18. Ned1 Bg7 19. Nf2 Qc8 1/2-1/2

[Event "SVK-chT1E 1213"]
[Site "Slovakia"]
[Date "2013.03.24"]
[Round "11.3"]
[White "Krajnak, Martin"]
[Black "Hagara, Eduard"]
[Result "0-1"]
[WhiteElo "2225"]
[BlackElo "2410"]
[PlyCount "70"]
[EventDate "2012.10.20"]
[EventType "team-tourn"]
[EventRounds "11"]
[EventCountry "SVK"]
[SourceTitle "EXT 2015"]
[Source "ChessBase"]
[SourceDate "2014.11.20"]
[SourceVersion "1"]
[SourceVersionDate "2014.11.20"]
[SourceQuality "1"]
[WhiteTeam "Sabinov"]
[BlackTeam "Kezmarok"]
[WhiteTeamCountry "SVK"]
[BlackTeamCountry "SVK"]

1. e4 e6 2. Nf3 d5 3. e5 c5 4. b4 c4 5. d3 cxd3 6. c3 Ne7 7. Bxd3 Nd7 8. 0-0 Ng6 9. Qe2 a5 10. Bd2 Be7 11. a3 b6 12. Ra2 Bb7 13. Rc2 0-0 14. Re1 Re8 15. Bxg6 hxg6 16. Be3 Qc7 17. Bd4 Rec8 18. Rb2 axb4 19. axb4 Ra4 20. Qe3 Rca8 21. Nbd2 Qd8 22. Qf4 Ba6 23. h4 Bb5 24. Ng5 Bxg5 25. hxg5 Kf8 26. Re3 Ra1+ 27. Kh2 Ke7 28. Rh3 Re1 29. Rb1 Re2 30. Kg1 Ra2 31. Nf1 Re4 32. Qh2 Qc7 33. Rh8 Rxd4 34. cxd4 Qc2 35. Qh7 Qxf2+ 0-1

[Event "SVK-chT2A 1213"]
[Site "Slovakia"]
[Date "2013.02.02"]
[Round "7.3"]
[White "Bronis, Marian"]
[Black "Krajnak, Martin"]
[Result "0-1"]
[WhiteElo "2165"]
[BlackElo "2225"]
[PlyCount "44"]
[EventDate "2012.10.13"]
[EventType "team-tourn"]
[EventRounds "11"]
[EventCountry "SVK"]
[SourceTitle "EXT 2015"]
[Source "ChessBase"]
[SourceDate "2014.11.20"]
[SourceVersion "1"]
[SourceVersionDate "2014.11.20"]
[SourceQuality "1"]
[WhiteTeam "Krasnany"]
[BlackTeam "Gabcikovo"]
[WhiteTeamCountry "SVK"]
[BlackTeamCountry "SVK"]

1. d4 d6 2. c4 e5 3. Nf3 Nc6 4. d5 Nce7 5. g3 Nf6 6. Nc3 Ng6 7. Bg2 Be7 8. 0-0 Bd7 9. b4 a5 10. Ba3 h5 11. e4 h4 12. Qe2 hxg3 13. fxg3 axb4 14. Bxb4 c5 15. dxc6 bxc6 16. Qb2 Rb8 17. a3 c5 18. Kh1 cxb4 19. axb4 Qc7 20. Rfc1 0-0 21. Nd5 Nxd5 22. exd5 Bf6 0-1

[Event "SVK-chT1E 1213"]
[Site "Slovakia"]
[Date "2012.10.21"]
[Round "2.2"]
[White "Krajnak, Martin"]
[Black "Svana, Peter"]
[Result "0-1"]
[WhiteElo "2225"]
[BlackElo "2294"]
[PlyCount "78"]
[EventDate "2012.10.20"]
[EventType "team-tourn"]
[EventRounds "11"]
[EventCountry "SVK"]
[SourceTitle "EXT 2014"]
[Source "ChessBase"]
[SourceDate "2013.11.20"]
[SourceVersion "1"]
[SourceVersionDate "2013.11.20"]
[SourceQuality "1"]
[WhiteTeam "Sabinov"]
[BlackTeam "Kysucke Nove Mesto"]
[WhiteTeamCountry "SVK"]
[BlackTeamCountry "SVK"]

1. d4 Nf6 2. Nf3 g6 3. Nbd2 Bg7 4. e4 0-0 5. Bd3 d6 6. 0-0 c5 7. c3 Nc6 8. d5 Ne5 9. Nxe5 dxe5 10. Nc4 Ne8 11. f4 exf4 12. Bxf4 b5 13. Ne5 c4 14. Bc2 Bb7 15. Kh1 Nf6 16. Nf3 Qb6 17. Qd2 Rad8 18. Be3 Qc7 19. Bd4 e6 20. dxe6 fxe6 21. Qe2 Ng4 22. Bxa7 Bh6 23. Bg1 e5 24. Rad1 Nf6 25. Rxd8 Rxd8 26. Qf2 Nxe4 27. Qh4 Nd2 28. Qxh6 Nxf1 29. Qc1 Bxf3 30. gxf3 Nd2 31. Be3 Qd6 32. Kg2 Qd5 33. Qd1 Kg7 34. Bg5 Rd7 35. Be3 h6 36. Qe2 g5 37. Kg3 Kf6 38. Bxd2 Qxd2 39. Qe4 Qf4+ 0-1

[Event "SVK-chT2A 1213"]
[Site "Slovakia"]
[Date "2012.10.13"]
[Round "1.3"]
[White "Kovac, Andrej"]
[Black "Krajnak, Martin"]
[Result "1/2-1/2"]
[WhiteElo "2148"]
[BlackElo "2225"]
[PlyCount "61"]
[EventDate "2012.10.13"]
[EventType "team-tourn"]
[EventRounds "11"]
[EventCountry "SVK"]
[SourceTitle "EXT 2015"]
[Source "ChessBase"]
[SourceDate "2014.11.20"]
[SourceVersion "1"]
[SourceVersionDate "2014.11.20"]
[SourceQuality "1"]
[WhiteTeam "Bratislava KSN"]
[BlackTeam "Gabcikovo"]
[WhiteTeamCountry "SVK"]
[BlackTeamCountry "SVK"]

1. d4 Nf6 2. c4 Nc6 3. Nf3 d6 4. Nc3 e5 5. d5 Ne7 6. e4 Ng6 7. g3 Be7 8. h4 h5 9. Be2 Bg4 10. Nh2 Bxe2 11. Qxe2 Qd7 12. Bg5 c5 13. Bxf6 Bxf6 14. Nf1 Bd8 15. Ne3 Ne7 16. Kf1 g6 17. Kg2 f5 18. a3 f4 19. Nf1 Rf8 20. Nh2 Ng8 21. b4 cxb4 22. axb4 Bb6 23. Rhf1 Nh6 24. Rac1 Ng4 25. Nb5 Rc8 26. Nxd6+ Qxd6 27. c5 Bxc5 28. Qb5+ Qd7 29. Qxd7+ Kxd7 30. Rxc5 b6 31. Rcc1 1/2-1/2

[Event "SVK-chT1E 1112"]
[Site "Slovakia"]
[Date "2012.01.08"]
[Round "7.5"]
[White "Krajnak, Martin"]
[Black "Kalata, Peter"]
[Result "1/2-1/2"]
[WhiteElo "2248"]
[BlackElo "2146"]
[PlyCount "36"]
[EventDate "2011.10.15"]
[EventType "team-tourn"]
[EventRounds "11"]
[EventCountry "SVK"]
[SourceTitle "EXT 2013"]
[Source "ChessBase"]
[SourceDate "2012.11.22"]
[SourceVersion "1"]
[SourceVersionDate "2012.11.22"]
[SourceQuality "1"]
[WhiteTeam "Sabinov"]
[BlackTeam "Bardejov"]
[WhiteTeamCountry "SVK"]
[BlackTeamCountry "SVK"]

1. d4 Nf6 2. Nf3 g6 3. Nbd2 d5 4. e3 Bg7 5. Bd3 0-0 6. 0-0 Nbd7 7. e4 dxe4 8. Nxe4 b6 9. Re1 Bb7 10. Qe2 Re8 11. Bg5 h6 12. Bxf6 Nxf6 13. Nxf6+ Bxf6 14. Be4 Bxe4 15. Qxe4 Qd6 16. c3 Rad8 17. Rad1 Qd5 18. Qxd5 Rxd5 1/2-1/2

[Event "SVK-chT2D 1112"]
[Site "Slovakia"]
[Date "2012.01.07"]
[Round "7.6"]
[White "Krajnak, Martin"]
[Black "Regec, Viliam1111"]
[Result "1-0"]
[WhiteElo "2248"]
[BlackElo "2110"]
[PlyCount "61"]
[EventDate "2011.10.08"]
[EventType "team-tourn"]
[EventRounds "11"]
[EventCountry "SVK"]
[SourceTitle "EXT 2013"]
[Source "ChessBase"]
[SourceDate "2012.11.22"]
[SourceVersion "1"]
[SourceVersionDate "2012.11.22"]
[SourceQuality "1"]
[WhiteTeam "Stara Lubovna"]
[BlackTeam "Gelnica Slovan"]
[WhiteTeamCountry "SVK"]
[BlackTeamCountry "SVK"]

1. d4 d5 2. Nf3 Nf6 3. e3 e6 4. Bd3 Nbd7 5. Nbd2 c5 6. c3 a6 7. 0-0 Qc7 8. e4 dxe4 9. Nxe4 Nxe4 10. Bxe4 Nf6 11. Qe2 Be7 12. Ne5 0-0 13. Bf4 Bd6 14. dxc5 Qxc5 15. Rad1 Be7 16. Bf3 a5 17. a4 Ra6 18. Qb5 Rb6 19. Qxc5 Bxc5 20. Nc4 Ra6 21. Be5 Nd7 22. Bc7 b6 23. Bc6 Ra7 24. Bd6 Bxd6 25. Rxd6 Ba6 26. Bb5 Bxb5 27. axb5 g6 28. Rfd1 Rc7 29. Nxb6 Nf6 30. Rc6 Rb7 31. c4 1-0

[Event "SVK-chT1E 1112"]
[Site "Slovakia"]
[Date "2011.12.10"]
[Round "5.4"]
[White "Dujava, Daniel"]
[Black "Krajnak, Martin"]
[Result "1-0"]
[WhiteElo "1823"]
[BlackElo "2248"]
[PlyCount "77"]
[EventDate "2011.10.15"]
[EventType "team-tourn"]
[EventRounds "11"]
[EventCountry "SVK"]
[SourceTitle "EXT 2013"]
[Source "ChessBase"]
[SourceDate "2012.11.22"]
[SourceVersion "1"]
[SourceVersionDate "2012.11.22"]
[SourceQuality "1"]
[WhiteTeam "Sabinov II"]
[BlackTeam "Sabinov"]
[WhiteTeamCountry "SVK"]
[BlackTeamCountry "SVK"]

1. e4 Nc6 2. Nc3 Nf6 3. d4 d6 4. Nf3 Bg4 5. Be3 e6 6. Bb5 a6 7. Bxc6+ bxc6 8. 0-0 Be7 9. Bg5 0-0 10. Qd3 h6 11. Bh4 Bh5 12. Rfe1 Bg6 13. Rad1 d5 14. Ne5 Nxe4 15. Bxe7 Qxe7 16. Nxg6 fxg6 17. Nxe4 dxe4 18. Qxe4 Rf6 19. Qxc6 Rb8 20. b3 Rb6 21. Qc4 Rd6 22. Re5 Qd7 23. c3 Kh7 24. f3 Rd5 25. Rde1 Rd6 26. Ra5 Qc8 27. Ree5 Qb7 28. Rac5 c6 29. Ra5 Qf7 30. Rxa6 Rxf3 31. gxf3 Qxf3 32. Qe2 Qxc3 33. Ra4 Rd8 34. Re3 Qc1+ 35. Qe1 Qc2 36. Qe2 Qc1+ 37. Kg2 c5 38. Rc4 Qa1 39. dxc5 1-0

[Event "SVK-chT1E 1112"]
[Site "Slovakia"]
[Date "2011.11.13"]
[Round "4.4"]
[White "Krajnak, Martin"]
[Black "Presalovic, Marcel"]
[Result "1/2-1/2"]
[WhiteElo "2248"]
[BlackElo "2138"]
[PlyCount "78"]
[EventDate "2011.10.15"]
[EventType "team-tourn"]
[EventRounds "11"]
[EventCountry "SVK"]
[SourceTitle "EXT 2013"]
[Source "ChessBase"]
[SourceDate "2012.11.22"]
[SourceVersion "1"]
[SourceVersionDate "2012.11.22"]
[SourceQuality "1"]
[WhiteTeam "Sabinov"]
[BlackTeam "Kosice Slavia"]
[WhiteTeamCountry "SVK"]
[BlackTeamCountry "SVK"]

1. d4 d5 2. Nf3 Nf6 3. e3 g6 4. Bd3 Bg7 5. 0-0 0-0 6. Nbd2 Bf5 7. Bxf5 gxf5 8. c4 c6 9. b3 Nbd7 10. Bb2 Qb8 11. Re1 Ne4 12. Qc2 e6 13. Rac1 Rc8 14. a3 b5 15. cxd5 cxd5 16. Qd3 Qb7 17. Nb1 a6 18. Nfd2 Bf8 19. f3 Nd6 20. e4 Bh6 21. e5 Ne8 22. g3 Rxc1 23. Rxc1 Rc8 24. f4 Rxc1+ 25. Bxc1 Qc6 26. Bb2 a5 27. Qc3 Qxc3 28. Nxc3 Nc7 29. Kf1 Nb6 30. Ke2 Bf8 31. Kd3 a4 32. bxa4 bxa4 33. Bc1 h5 34. Nf3 Kg7 35. Ne1 Kg6 36. h4 f6 37. exf6 Kxf6 38. Nc2 Na6 39. Nb5 Nc4 1/2-1/2

[Event "SVK-chT2D 1112"]
[Site "Slovakia"]
[Date "2011.11.05"]
[Round "3.1"]
[White "Pollak, Rudolf"]
[Black "Krajnak, Martin"]
[Result "0-1"]
[WhiteElo "1819"]
[BlackElo "2248"]
[PlyCount "80"]
[EventDate "2011.10.08"]
[EventType "team-tourn"]
[EventRounds "11"]
[EventCountry "SVK"]
[SourceTitle "EXT 2013"]
[Source "ChessBase"]
[SourceDate "2012.11.22"]
[SourceVersion "1"]
[SourceVersionDate "2012.11.22"]
[SourceQuality "1"]
[WhiteTeam "Zborov Magura"]
[BlackTeam "Stara Lubovna"]
[WhiteTeamCountry "SVK"]
[BlackTeamCountry "SVK"]

1. e4 d5 2. e5 c5 3. c3 Nc6 4. d4 cxd4 5. cxd4 Qb6 6. Ne2 Bg4 7. Nbc3 e6 8. a3 Nge7 9. f3 Bf5 10. g4 Bg6 11. Na4 Qc7 12. Be3 h5 13. Nec3 Nc8 14. Rc1 a6 15. b4 hxg4 16. fxg4 Be7 17. Bd3 Bh4+ 18. Ke2 Bxd3+ 19. Qxd3 b5 20. Nc5 Be7 21. Nb1 Bxc5 22. Rxc5 Nb6 23. h4 Nc4 24. Bf4 Qb7 25. g5 Ne7 26. Bg3 g6 27. Nd2 Nf5 28. Bf2 a5 29. Qb3 axb4 30. Qxb4 Nxa3 31. Ra1 Ra4 32. Qb2 b4 33. Qc1 Qa6+ 34. Kf3 Qd3+ 35. Kg2 0-0 36. Rc8 Ra8 37. Rxf8+ Rxf8 38. Nf3 Nc4 39. Ra7 b3 40. h5 b2 0-1